| 000 | 00687cab a2200229 4500 | ||
|---|---|---|---|
| 001 | WB3507-27 | ||
| 008 | 090401t1999 xxu||||| |||| 00| 0 eng d | ||
| 035 | _a(Sirsi) u91349 | ||
| 041 | _aeng | ||
| 245 | _aFour in five back right to roam | ||
| 260 | _c1999 | ||
| 350 | _a0 | ||
| 490 |
_aIndependent _v15 February 1999, 9(1) |
||
| 520 | _aAn NOP survey shows that 83% of adults support a backbench bill to force landowners to open up their land to ramblers. | ||
| 650 | _aACCESS TO THE COUNTRYSIDE | ||
| 650 | _aRAMBLERS | ||
| 650 | _aRIGHT TO ROAM | ||
| 650 | _aVOLUNTARY AGREEMENTS | ||
| 690 | _aHIGHWAYS RIGHTS OF WAY AND EASEMENTS | ||
| 942 | _n0 | ||
| 948 | _c16/02/1999 | ||
| 999 |
_c57976 _d57976 |
||